[Event "MSC 100"]
[Site "Den Helder Holland"]
[Date "2002.10.25"]
[Round "1"]
[White "Alekseev, Vadim"]
[Black "Adriaanse, Thom"]
[Result "1-0"]
[WhiteElo "2405"]
[BlackElo "1895"]
[Annotator "Seijbel,D.M."]
[PlyCount "61"]
[EventDate "2002.??.??"]

1. d4 Nf6 2. Nf3 g6 3. c4 Bg7 4. Nc3 d6 5. Bg5 c6 6. e3 O-O 7. Be2 Nbd7 8. Qc2
Qc7 9. O-O e5 10. Rad1 Re8 11. dxe5 dxe5 12. Nd2 a5 13. Nde4 Nxe4 14. Nxe4 f6
15. Bh4 Rf8 16. c5 f5 17. Nd6 Bf6 18. Bg3 b6 19. cxb6 Nxb6 20. Qc3 Nd7 21. f3
Rb8 22. Bc4+ Kg7 23. Be6 Rd8 24. Bxd7 f4 25. Ne4 fxg3 26. Bxc8 gxh2+ 27. Kxh2
Rbxc8 28. f4 Rd5 29. Nxf6 Kxf6 30. fxe5+ Ke7 31. Qa3+  1-0

[Event "MSC 100"]
[Site "Den Helder Holland"]
[Date "2002.10.25"]
[Round "1"]
[White "Campora, Daniel H"]
[Black "van Egmond, Enrico"]
[Result "1-0"]
[WhiteElo "2505"]
[BlackElo "2123"]
[Annotator "Seijbel,D.M."]
[PlyCount "59"]
[EventDate "2002.??.??"]

1. e4 e5 2. Nf3 Nf6 3. Nc3 Nc6 4. g3 Bb4 5. Bg2 O-O 6. O-O Bxc3 7. bxc3 Nxe4 8.
Nxe5 d5 9. Nxc6 bxc6 10. Rb1 Qf6 11. f3 Nd6 12. Ba3 Ba6 13. Re1 Rfe8 14. Bc5
Bb5 15. Bd4 Qf5 16. d3 a5 17. Qd2 h6 18. h4 Qg6 19. Kh2 Nf5 20. Bf2 Qd6 21. h5
Re6 22. Bh3 Nh4 23. Re3 Rf6 24. f4 Nf5 25. Re5 g6 26. Qe2 Ng7 27. hxg6 fxg6 28.
c4 dxc4 29. dxc4 Ba4 30. Bc5  1-0

[Event "MSC 100"]
[Site "Den Helder Holland"]
[Date "2002.10.25"]
[Round "1"]
[White "Groffen, Hans"]
[Black "Lalic, Bogdan"]
[Result "0-1"]
[WhiteElo "2180"]
[BlackElo "2542"]
[Annotator "Seijbel,D.M."]
[PlyCount "62"]
[EventDate "2002.??.??"]

1. d4 d5 2. c4 dxc4 3. e4 Nf6 4. e5 Nd5 5. Bxc4 Nb6 6. Bb3 Nc6 7. Ne2 Bf5 8.
Nbc3 e6 9. O-O Qd7 10. Be3 O-O-O 11. a3 f6 12. exf6 gxf6 13. Na4 h5 14. Rc1 h4
15. Nxb6+ axb6 16. Ba4 Rg8 17. Nf4 e5 18. dxe5 fxe5 19. Qxd7+ Bxd7 20. Ne2 Bh3
21. Ng3 hxg3 22. gxh3 gxh2+ 23. Kxh2 Bd6 24. Bb3 e4+ 25. Kh1 Rh8 26. Be6+ Kb8
27. f4 exf3 28. Rxf3 Be5 29. Rc2 Bg7 30. Bg4 Ne5 31. Rg3 Nxg4  0-1

[Event "MSC 100"]
[Site "Den Helder Holland"]
[Date "2002.10.25"]
[Round "1"]
[White "Hristodorescu, Daniel"]
[Black "Glek, Igor"]
[Result "1/2-1/2"]
[WhiteElo "2267"]
[BlackElo "2576"]
[PlyCount "93"]
[EventDate "2002.??.??"]

1. e4 e6 2. d4 d5 3. Nc3 Nf6 4. e5 Nfd7 5. f4 c5 6. Nf3 Nc6 7. Be3 cxd4 8. Nxd4
Bc5 9. Qd2 O-O 10. h4 a6 11. h5 Nxd4 12. Bxd4 b5 13. g4 Bxd4 14. Qxd4 f6 15.
exf6 Qxf6 16. Qxf6 Nxf6 17. Bh3 Bd7 18. O-O-O b4 19. Ne2 Ne4 20. Rh2 a5 21. g5
Rae8 22. f5 Nxg5 23. fxe6 Bxe6 24. Bxe6+ Rxe6 25. Rxd5 h6 26. c3 Re7 27. Nd4
bxc3 28. bxc3 Rc8 29. Rc2 a4 30. c4 Re3 31. Nf5 Re1+ 32. Kd2 Re6 33. Rd7 Rf8
34. Ne7+ Kh7 35. Ng6 Ne4+ 36. Kc1 Rf1+ 37. Rd1 Ref6 38. c5 Rxd1+ 39. Kxd1 Rf5
40. c6 Rxh5 41. c7 Rh1+ 42. Ke2 Rh2+ 43. Kd3 Rxc2 44. Kxc2 Nd6 45. Ne7 h5 46.
Kd3 h4 47. Ke3  1/2-1/2

[Event "MSC 100"]
[Site "Den Helder Holland"]
[Date "2002.10.25"]
[Round "1"]
[White "Ikonnikov, Vyacheslav"]
[Black "Perez Garcia, Hebert"]
[Result "1-0"]
[WhiteElo "2549"]
[BlackElo "2192"]
[PlyCount "62"]
[EventDate "2002.??.??"]

1. d4 e6 2. c4 f5 3. Nf3 Nf6 4. g3 d5 5. Bg2 c6 6. O-O Bd6 7. Bf4 Bxf4 8. gxf4
O-O 9. e3 b6 10. Ne5 Bb7 11. Qa4 Qd6 12. Nc3 Nbd7 13. Rfd1 a6 14. Qb3 b5 15. c5
Qc7 16. a4 Kh8 17. Ra2 Ne4 18. Ne2 Rae8 19. axb5 axb5 20. Rda1 Nxe5 21. fxe5
Qd8 22. f3 Ng5 23. Ra7 Re7 24. Nf4 Bc8 25. Qa3 Nf7 26. Ra8 Rfe8 27. Rb8 Rc7 28.
Qa5 Qd7 29. Qb6 Rb7 30. Raa8 Rxb6 31. cxb6 Rd8 {Diagram # Time} 1-0

[Event "MSC 100"]
[Site "Den Helder Holland"]
[Date "2002.10.25"]
[Round "1"]
[White "Kasparov, Sergey"]
[Black "Sula, Avni"]
[Result "1-0"]
[WhiteElo "2439"]
[BlackElo "2062"]
[PlyCount "99"]
[EventDate "2002.??.??"]

1. e4 e5 2. Nf3 Nc6 3. Bb5 Nf6 4. O-O Be7 5. Re1 d6 6. c3 O-O 7. h3 Bd7 8. Bf1
Re8 9. d4 Bf8 10. d5 Ne7 11. c4 g6 12. Nc3 Bg7 13. b4 a5 14. bxa5 Rxa5 15. a4
Nh5 16. Ba3 b6 17. Bb4 Ra8 18. a5 bxa5 19. Bxa5 Nf6 20. Qc2 Rf8 21. c5 Ne8 22.
c6 Bxc6 23. dxc6 Nxc6 24. Bxc7 Nxc7 25. Rxa8 Qxa8 26. Bc4 Qa5 27. Rd1 Qc5 28.
Na4 Qa7 29. Bxf7+ Rxf7 30. Qxc6 Bf8 31. Nb6 Qa2 32. Nd7 Qe2 33. Rd2 Qb5 34.
Qxc7 Rxd7 35. Qc2 Be7 36. Rd1 Qb7 37. Rb1 Qc7 38. Qa2+ Kg7 39. Qd5 Bf6 40. Rd1
Qd8 41. g3 Qe7 42. Kg2 Qf7 43. Qc6 Qe7 44. Nh2 h5 45. h4 Rd8 46. Rb1 Rd7 47.
Rd1 Qe6 48. Rb1 Qf7 49. Rb8 d5 50. Nf3  1-0

[Event "MSC 100"]
[Site "Den Helder Holland"]
[Date "2002.10.25"]
[Round "1"]
[White "Richter, Thomas"]
[Black "Jonkman, Harmen"]
[Result "1/2-1/2"]
[WhiteElo "2038"]
[BlackElo "2456"]
[PlyCount "55"]
[EventDate "2002.??.??"]

1. Nf3 d5 2. d4 e6 3. c4 dxc4 4. e3 c5 5. Bxc4 a6 6. a4 Nf6 7. O-O Nc6 8. Nc3
Be7 9. h3 cxd4 10. exd4 Nb4 11. Re1 O-O 12. Bg5 Re8 13. Qb3 Nc6 14. Qd1 Bd7 15.
Rc1 Rc8 16. Ba2 Nb4 17. Bb1 Nbd5 18. Ne5 Bc6 19. Nxd5 Bxd5 20. Rxc8 Qxc8 21.
Bxf6 Bxf6 22. Bxh7+ Kf8 23. Bb1 Qc7 24. Qh5 Rd8 25. Qh8+ Ke7 26. Qh5 Kf8 27.
Qh8+ Ke7 28. Qh5  1/2-1/2

[Event "MSC 100"]
[Site "Den Helder Holland"]
[Date "2002.10.25"]
[Round "1"]
[White "Weber, Reinier"]
[Black "Bagaturov, Giorgi"]
[Result "0-1"]
[WhiteElo "1957"]
[BlackElo "2429"]
[Annotator "Seijbel,D.M."]
[PlyCount "62"]
[EventDate "2002.??.??"]

1. f4 d5 2. Nf3 g6 3. e3 Bg7 4. d4 Nh6 5. Bd3 O-O 6. O-O c5 7. c3 Bf5 8. Qe2
Qc7 9. Na3 Nd7 10. Bd2 Bxd3 11. Qxd3 Nf6 12. Ng5 Nf5 13. Rac1 a6 14. Kh1 b5 15.
Nc2 Rac8 16. dxc5 h6 17. e4 dxe4 18. Nxe4 Nxe4 19. Qxe4 Qxc5 20. Be3 Nxe3 21.
Qxe3 Rfd8 22. Rcd1 Qc4 23. a3 e6 24. h3 a5 25. Qf3 Qb3 26. Nd4 Bxd4 27. cxd4
Qxb2 28. Rb1 Qxd4 29. Rxb5 Rc3 30. Qb7 Rxa3 31. Qe7 Qd6  0-1

[Event "MSC 100"]
[Site "Den Helder Holland"]
[Date "2002.10.26"]
[Round "2"]
[White "Adriaanse, Thom"]
[Black "Groffen, Hans"]
[Result "1/2-1/2"]
[WhiteElo "1895"]
[BlackElo "2180"]
[Annotator "Seijbel,D.M."]
[PlyCount "84"]
[EventDate "2002.??.??"]

1. e4 e6 2. d4 d5 3. Nd2 Nf6 4. e5 Nfd7 5. Bd3 c5 6. c3 Nc6 7. Ne2 cxd4 8. cxd4
f6 9. exf6 Nxf6 10. Nf3 Bd6 11. Nc3 a6 12. Bg5 O-O 13. O-O Qc7 14. Bh4 Nh5 15.
Bg3 Nxg3 16. hxg3 g6 17. Rc1 Qg7 18. Bb1 g5 19. Re1 g4 20. Ne5 Nxe5 21. dxe5
Bxe5 22. Nxd5 Bd4 23. Ne3 e5 24. Qb3+ Kh8 25. Be4 Qf7 26. Qxf7 Rxf7 27. Re2 Be6
28. b3 Raf8 29. Nd1 Kg7 30. Rec2 Bb6 31. Re2 h5 32. Rcc2 Bd4 33. Kh2 Bf5 34.
Bxf5 Rxf5 35. Rc7+ R8f7 36. Rxf7+ Rxf7 37. Rc2 Kf6 38. Kg1 Ke6 39. Kf1 Kd6 40.
Ke2 b5 41. Ne3 Rf8 42. Kd3 Rf7  1/2-1/2

[Event "MSC 100"]
[Site "Den Helder Holland"]
[Date "2002.10.26"]
[Round "2"]
[White "Bagaturov, Giorgi"]
[Black "Campora, Daniel H"]
[Result "1/2-1/2"]
[WhiteElo "2429"]
[BlackElo "2505"]
[PlyCount "130"]
[EventDate "2002.??.??"]

1. d4 Nf6 2. c4 e6 3. Nf3 b6 4. a3 Bb7 5. Nc3 d5 6. cxd5 exd5 7. g3 Be7 8. Qa4+
c6 9. Bg2 O-O 10. O-O Nbd7 11. Rd1 Re8 12. Bf4 Nh5 13. Rac1 Nxf4 14. gxf4 Bd6
15. e3 f6 16. Ne2 b5 17. Qc2 Kh8 18. Ng3 Nb6 19. Ne1 Rc8 20. Nd3 Rc7 21. Nc5
Bc8 22. f5 Ree7 23. Bf1 Qe8 24. Bd3 Nd7 25. b3 Bxc5 26. dxc5 Ne5 27. Be2 Nf7
28. Bh5 Qf8 29. Rd4 Nh6 30. Rcd1 Nxf5 31. Nxf5 Bxf5 32. Qxf5 g6 33. Bxg6 hxg6
34. Qh3+ Kg7 35. Kh1 Re5 36. b4 Rce7 37. Rg1 Qh8 38. Qg3 Rg5 39. Qd6 Rxg1+ 40.
Kxg1 Qe8 41. Rf4 Re6 42. Qc7+ Qe7 43. Qb8 g5 44. Rf3 Qd7 45. Kg2 Re4 46. Rh3
Re8 47. Qg3 Kg6 48. Qf3 g4 49. Rg3 f5 50. h3 Re4 51. hxg4 fxg4 52. Qf8 Qf5 53.
Qg8+ Kf6 54. Qh8+ Kg6 55. f3 Rc4 56. Qg8+ Kf6 57. Rxg4 Rxg4+ 58. Qxg4 Qc2+ 59.
Kg3 Qc1 60. Qf4+ Kg6 61. Qd6+ Kf7 62. Qd7+ Kg6 63. Qe7 Kf5 64. Qf7+ Kg5 65.
Qf4+ Kh5  1/2-1/2

[Event "MSC 100"]
[Site "Den Helder Holland"]
[Date "2002.10.26"]
[Round "2"]
[White "Glek, Igor"]
[Black "Richter, Thomas"]
[Result "1-0"]
[WhiteElo "2576"]
[BlackElo "2038"]
[Annotator "Seijbel,D.M."]
[PlyCount "83"]
[EventDate "2002.??.??"]

1. e4 c5 2. Nf3 Nc6 3. Bb5 g6 4. Bxc6 dxc6 5. d3 Bg7 6. h3 e5 7. O-O Ne7 8. Be3
b6 9. Nbd2 O-O 10. a3 f5 11. Nc4 Qc7 12. b4 f4 13. Bd2 cxb4 14. axb4 Be6 15.
Bc3 Bxc4 16. dxc4 c5 17. b5 Rad8 18. Qb1 Rfe8 19. Qb2 Nc8 20. Rfd1 Nd6 21. Nd2
Qf7 22. Qa2 Rd7 23. Re1 Red8 24. Qb3 Qe6 25. Ra4 Nc8 26. Nf3 h6 27. Qb2 Re8 28.
Qa1 Qe7 29. Rd1 Rxd1+ 30. Qxd1 Rd8 31. Qa1 Re8 32. Bb2 g5 33. Ra3 h5 34. Rd3 g4
35. Nh2 Qh4 36. Qd1 f3 37. hxg4 fxg2 38. gxh5 Bh6 39. Rg3+ Kh8 40. Qd7 Qxh5 41.
Rh3 Qg6 42. Rxh6+  1-0

[Event "MSC 100"]
[Site "Den Helder Holland"]
[Date "2002.10.26"]
[Round "2"]
[White "Jonkman, Harmen"]
[Black "Hristodorescu, Daniel"]
[Result "0-1"]
[WhiteElo "2456"]
[BlackElo "2267"]
[PlyCount "114"]
[EventDate "2002.??.??"]

1. e4 c6 2. d4 d5 3. Nc3 g6 4. h3 Bg7 5. Nf3 Nh6 6. Bd3 O-O 7. O-O f6 8. Re1
Nf7 9. Bf4 e5 10. dxe5 fxe5 11. Bg3 d4 12. Ne2 Be6 13. b4 Qe7 14. c3 dxc3 15.
Qb1 Na6 16. a3 Qf6 17. Kh2 g5 18. Bxa6 bxa6 19. Qd3 h5 20. h4 g4 21. Nfg1 Nh8
22. f4 Rad8 23. fxe5 Qe7 24. Qxc3 Ng6 25. Qc5 Qxc5 26. bxc5 Rd3 27. Rad1 Rfd8
28. Rxd3 Rxd3 29. Rb1 Bf8 30. Rb8 a5 31. a4 Kf7 32. Rb7+ Rd7 33. Rxd7+ Bxd7 34.
Bf2 Bg7 35. Bd4 Ke6 36. Ng3 Nf4 37. N1e2 Nxe2 38. Nxe2 Bxe5+ 39. Bxe5 Kxe5 40.
Ng3 Be8 41. Kg1 Kd4 42. Nf5+ Kxc5 43. Kf2 Kb4 44. e5 c5 45. Ke2 Bxa4 46. e6 Bc6
47. g3 Be4 48. Nd6 c4 49. e7 Kb3 50. Kd2 Bc6 51. Kc1 a4 52. Nb7 Kc3 53. Nd6 a3
54. Kb1 Kb3 55. Nf5 Be8 56. Nd4+ Kc3 57. Ne2+ Kd2  0-1

[Event "MSC 100"]
[Site "Den Helder Holland"]
[Date "2002.10.26"]
[Round "2"]
[White "Kasparov, Sergey"]
[Black "Ikonnikov, Vyacheslav"]
[Result "1/2-1/2"]
[WhiteElo "2439"]
[BlackElo "2549"]
[Annotator "Seijbel,D.M."]
[PlyCount "29"]
[EventDate "2002.??.??"]

1. d4 Nf6 2. c4 e6 3. Nc3 Bb4 4. e3 b6 5. Nge2 Ne4 6. Bd2 Nxd2 7. Qxd2 O-O 8.
a3 Be7 9. Nf4 d6 10. Bd3 Bb7 11. Qc2 h6 12. Be4 c6 13. O-O Nd7 14. Rad1 Rc8 15.
Bf3  1/2-1/2

[Event "MSC 100"]
[Site "Den Helder Holland"]
[Date "2002.10.26"]
[Round "2"]
[White "Lalic, Bogdan"]
[Black "Alekseev, Vadim"]
[Result "1-0"]
[WhiteElo "2542"]
[BlackElo "2405"]
[PlyCount "113"]
[EventDate "2002.??.??"]

1. c4 e5 2. Nc3 Nc6 3. Nf3 f5 4. g3 Nf6 5. d4 e4 6. Nh4 g6 7. Bg5 Be7 8. e3 O-O
9. Be2 Kg7 10. Ng2 h6 11. Bxf6+ Bxf6 12. h4 Ne7 13. Nf4 d6 14. g4 c6 15. gxf5
gxf5 16. Qc2 Kh7 17. f3 Ng6 18. Nxg6 Kxg6 19. O-O-O exf3 20. Rdg1+ Kh7 21. Bxf3
Bd7 22. Qh2 Qe7 23. Qf4 Rg8 24. Ne4 Rxg1+ 25. Rxg1 Rg8 26. Rxg8 Kxg8 27. Nxd6
Bxh4 28. Qxh6 Bg5 29. Qg6+ Kf8 30. Kc2 Bxe3 31. d5 c5 32. Nxf5 Bxf5+ 33. Qxf5+
Kg7 34. Be4 Qh4 35. Qd7+ Kf8 36. Qc8+ Kg7 37. Qxb7+ Kf6 38. d6 Qh2+ 39. Kb3
Qxd6 40. Qxa7 Bc1 41. Bd5 Qe5 42. Qb6+ Kg7 43. Kc2 Be3 44. a4 Bd4 45. Kb1 Qf5+
46. Ka2 Qc2 47. Qb5 Kf8 48. a5 Bxb2 49. Qxb2 Qa4+ 50. Kb1 Qd1+ 51. Qc1 Qb3+ 52.
Ka1 Qa4+ 53. Kb2 Qb4+ 54. Kc2 Qxa5 55. Qb2 Qa4+ 56. Kd2 Qa5+ 57. Kd3 {Diagram #
} 1-0

[Event "MSC 100"]
[Site "Den Helder Holland"]
[Date "2002.10.26"]
[Round "2"]
[White "Perez Garcia, Hebert"]
[Black "Sula, Avni"]
[Result "0-1"]
[WhiteElo "2192"]
[BlackElo "2062"]
[Annotator "Seijbel,D.M."]
[PlyCount "50"]
[EventDate "2002.??.??"]

1. d4 f5 2. g3 Nf6 3. Bg2 g6 4. Nh3 Bg7 5. Nf4 Nc6 6. d5 Ne5 7. h4 Nf7 8. Nc3
c6 9. e4 e6 10. dxe6 dxe6 11. Qxd8+ Nxd8 12. O-O O-O 13. Re1 Re8 14. Nd3 Nf7
15. exf5 gxf5 16. Bf4 Nd7 17. Bc7 Nb6 18. a4 Nc4 19. Nd1 e5 20. Ne3 Be6 21. Nc5
Nxe3 22. Rxe3 Bd5 23. Nd3 b6 24. f4 e4 25. Nb4 Bd4  0-1

[Event "MSC 100"]
[Site "Den Helder Holland"]
[Date "2002.10.26"]
[Round "2"]
[White "van Egmond, Enrico"]
[Black "Weber, Reinier"]
[Result "0-1"]
[WhiteElo "2123"]
[BlackElo "1957"]
[Annotator "Seijbel,D.M."]
[PlyCount "64"]
[EventDate "2002.??.??"]

1. d4 f5 2. g3 Nf6 3. Bg2 g6 4. Nh3 Bg7 5. Nf4 Nc6 6. d5 Ne5 7. h4 Nf7 8. c4 c6
9. Nc3 Qc7 10. Bd2 e5 11. Nd3 d6 12. b4 a5 13. Qa4 Bd7 14. dxc6 Bxc6 15. Bxc6+
Qxc6 16. bxa5 O-O 17. Qxc6 bxc6 18. c5 e4 19. Nf4 Rfe8 20. Na4 e3 21. fxe3 Ne4
22. Rc1 Nxd2 23. Kxd2 Rxa5 24. Nc3 Bxc3+ 25. Rxc3 Rxa2+ 26. Rc2 Rxc2+ 27. Kxc2
Rxe3 28. cxd6 Nxd6 29. Rg1 Kf7 30. Kd1 Ne4 31. g4 fxg4 32. Rxg4 Nf2+ {Diagram #
} 0-1

[Event "MSC 100"]
[Site "Den Helder Holland"]
[Date "2002.10.26"]
[Round "3"]
[White "Alekseev, Vadim"]
[Black "Bagaturov, Giorgi"]
[Result "1/2-1/2"]
[WhiteElo "2405"]
[BlackElo "2429"]
[Annotator "Seijbel,D.M."]
[PlyCount "56"]
[EventDate "2002.??.??"]

1. d4 Nf6 2. Nf3 e6 3. e3 b6 4. Bd3 Bb7 5. O-O c5 6. c4 Be7 7. Nc3 cxd4 8. exd4
d6 9. b3 O-O 10. Bb2 d5 11. Re1 Nbd7 12. Qe2 Re8 13. Rad1 Bd6 14. Ne5 Nf8 15.
Qe3 Qe7 16. Qh3 Ng6 17. Nxg6 hxg6 18. Nb5 Bb4 19. Re3 a6 20. Nc3 Bd6 21. Qh4
dxc4 22. bxc4 Nh5 23. Qxe7 Rxe7 24. Na4 b5 25. cxb5 axb5 26. Bxb5 Bd5 27. Nc3
Bxa2 28. Ra1 Bd5  1/2-1/2

[Event "MSC 100"]
[Site "Den Helder Holland"]
[Date "2002.10.26"]
[Round "3"]
[White "Campora, Daniel H"]
[Black "Glek, Igor"]
[Result "1-0"]
[WhiteElo "2505"]
[BlackElo "2576"]
[Annotator "Seijbel,D.M."]
[PlyCount "123"]
[EventDate "2002.??.??"]

1. e4 e6 2. d4 d5 3. Nc3 Nf6 4. Bg5 Bb4 5. Nge2 dxe4 6. a3 Be7 7. Bxf6 Bxf6 8.
Nxe4 Nc6 9. c3 e5 10. d5 Nb8 11. d6 Nc6 12. dxc7 Qxc7 13. Nxf6+ gxf6 14. Ng3
Be6 15. Bb5 a6 16. Qa4 O-O-O 17. Bxc6 Qxc6 18. Qxc6+ bxc6 19. Rd1 Rxd1+ 20.
Kxd1 Rg8 21. Rg1 f5 22. f4 f6 23. Rf1 Rg4 24. Rf2 Kc7 25. Kd2 a5 26. b4 Kb6 27.
Ke3 c5 28. fxe5 fxe5 29. Nxf5 cxb4 30. cxb4 axb4 31. axb4 Rxb4 32. Ne7 Kc5 33.
Nf5 Bd5 34. Rc2+ Kb6 35. Nd6 Rb3+ 36. Kf2 Rb4 37. g3 Rd4 38. Nf5 Rd3 39. Ne3
Bb3 40. Rc8 Kb7 41. Re8 Ba4 42. Rxe5 Rd2+ 43. Kg1 Bc6 44. h4 Kc8 45. g4 Kd8 46.
h5 Re2 47. g5 Be8 48. h6 Bh5 49. Kf1 Ra2 50. Nf5 Rb2 51. Ng7 Bg6 52. Ne6+ Ke7
53. Nf4+ Kf7 54. Rc5 Rb7 55. Rc6 Rb1+ 56. Ke2 Rb2+ 57. Ke1 Rb1+ 58. Kd2 Rb2+
59. Kc1 Rf2 60. Rc7+ Kf8 61. Nxg6+ hxg6 62. h7  1-0

[Event "MSC 100"]
[Site "Den Helder Holland"]
[Date "2002.10.26"]
[Round "3"]
[White "Groffen, Hans"]
[Black "Jonkman, Harmen"]
[Result "0-1"]
[WhiteElo "2180"]
[BlackElo "2456"]
[Annotator "Seijbel,D.M."]
[PlyCount "90"]
[EventDate "2002.??.??"]

1. d4 d5 2. c4 dxc4 3. e4 c5 4. Nf3 cxd4 5. Qxd4 Bd7 6. Bxc4 e6 7. Bg5 Nc6 8.
Bxd8 Nxd4 9. Nxd4 Rxd8 10. Ke2 Bc5 11. Nb3 Bb6 12. Nc3 a6 13. Rhd1 Ne7 14. Nd4
Ng6 15. g3 h5 16. h4 Ne5 17. Bb3 Ke7 18. f4 Nc6 19. Nxc6+ Bxc6 20. Ba4 Rc8 21.
Bxc6 Rxc6 22. Rd3 Rd8 23. Rad1 Rxd3 24. Rxd3 Ba7 25. Kd2 Rb6 26. Kc2 Rb4 27. a3
Rc4 28. Kb3 Rd4 29. Rxd4 Bxd4 30. Ne2 Bf2 31. a4 Kd6 32. Kc4 e5 33. f5 Kc6 34.
b4 b5+ 35. axb5+ axb5+ 36. Kb3 Be1 37. Ka3 g6 38. fxg6 fxg6 39. Kb3 Kd7 40. Ka3
Ke6 41. Kb3 Kf6 42. Ka3 g5 43. Kb3 Kg6 44. Ka3 gxh4 45. gxh4 Bxh4 
0-1

[Event "MSC 100"]
[Site "Den Helder Holland"]
[Date "2002.10.26"]
[Round "3"]
[White "Hristodorescu, Daniel"]
[Black "Kasparov, Sergey"]
[Result "0-1"]
[WhiteElo "2267"]
[BlackElo "2439"]
[Annotator "Seijbel,D.M."]
[PlyCount "106"]
[EventDate "2002.??.??"]

1. e4 d6 2. d4 Nf6 3. Nc3 e5 4. dxe5 dxe5 5. Qxd8+ Kxd8 6. Bc4 Be6 7. Bxe6 fxe6
8. f3 Bd6 9. b3 a6 10. Bb2 Ke7 11. Nh3 Nc6 12. Nf2 Nh5 13. Nd3 Nf4 14. Nxf4
exf4 15. O-O-O Be5 16. Rhe1 Kf6 17. Ne2 Bxb2+ 18. Kxb2 e5 19. Rd7 Rac8 20. Nc3
Rhd8 21. Red1 Rxd7 22. Rxd7 Ne7  23. b4 Ke6 24. Rd2 b5 25. a4 c6 26.
Ne2 bxa4 27. Ka3 c5 28. Kxa4 cxb4 29. Kxb4 Nc6+ 30. Ka3 Na5 31. Kb4 Nc4 32. Rd1
Ne3 33. Rc1 Rxc2 34. Rxc2 Nxc2+ 35. Ka5 Ne1 36. Kxa6 Nxg2 37. Kb6 Ne1 38. Ng1
Nc2 39. Kc5 Nd4 40. Kc4 g5 41. Kd3 h5 42. h3 Kd6 43. Kc4 Nc2 44. Kd3 Na3 45.
Ne2 Kc5 46. Nc3 Nb5 47. Ne2 Kb4 48. Kd2 Kc4 49. Ke1 Nd4 50. Ng1 Kd3 51. Kf2 h4
52. Kf1 Ke3 53. Kg2 Ne2  0-1

[Event "MSC 100"]
[Site "Den Helder Holland"]
[Date "2002.10.26"]
[Round "3"]
[White "Ikonnikov, Vyacheslav"]
[Black "Lalic, Bogdan"]
[Result "1/2-1/2"]
[WhiteElo "2549"]
[BlackElo "2542"]
[Annotator "Seijbel,D.M."]
[PlyCount "50"]
[EventDate "2002.??.??"]

1. d4 Nf6 2. Nf3 d5 3. c4 c6 4. Qc2 dxc4 5. Qxc4 Bf5 6. g3 e6 7. Bg2 Nbd7 8.
Nc3 Be7 9. O-O O-O 10. Re1 Ne4 11. Bf4 Nxc3 12. bxc3 Be4 13. Qb3 c5 14. Red1
Qc8 15. Ne1 Bxg2 16. Nxg2 Nf6 17. Rab1 b6 18. a4 Rd8 19. Bg5 cxd4 20. cxd4 Rd5
21. Bxf6 Bxf6 22. e3 Qd7 23. Rdc1 e5 24. dxe5 Bxe5 25. Ne1 Rd8 
1/2-1/2

[Event "MSC 100"]
[Site "Den Helder Holland"]
[Date "2002.10.26"]
[Round "3"]
[White "Richter, Thomas"]
[Black "Adriaanse, Thom"]
[Result "0-1"]
[WhiteElo "2038"]
[BlackElo "1895"]
[Annotator "Seijbel,D.M."]
[PlyCount "78"]
[EventDate "2002.??.??"]

1. e4 d6 2. d4 Nf6 3. Nc3 g6 4. f4 Bg7 5. Nf3 O-O 6. Be3 c5 7. dxc5 Qa5 8. Bd3
Ng4 9. Bd2 Qxc5 10. Qe2 Nc6 11. h3 Nh6 12. g4 Kh8 13. O-O-O Bd7 14. g5 Ng8 15.
Rdg1 Nd4 16. Qg2 b5 17. Kb1 Rac8 18. Bc1 b4 19. Nd1 Be6  20. h4
Bxa2+ 21. Kxa2 b3+ 22. cxb3 Qa5+ 23. Kb1 Nxb3 24. Nc3 Rxc3 25. bxc3 Qa1+ 26.
Kc2 Qxc3+ 27. Kb1 Qa1+ 28. Kc2 Rc8+ 29. Kxb3 Rc3+ 30. Kb4 Rxd3 31. Bb2 Bc3+ 32.
Kc4 Qa6+ 33. Kb3 Bxb2+ 34. Kxb2 Qa3+ 35. Kc2 Qc3+ 36. Kb1 Qb4+ 37. Kc1 Rc3+ 38.
Kd1 Ra3 39. Qd2 Qb3+  0-1

[Event "MSC 100"]
[Site "Den Helder Holland"]
[Date "2002.10.26"]
[Round "3"]
[White "Sula, Avni"]
[Black "Weber, Reinier"]
[Result "1/2-1/2"]
[WhiteElo "2062"]
[BlackElo "1957"]
[Annotator "Seijbel,D.M."]
[PlyCount "82"]
[EventDate "2002.??.??"]

1. d4 Nf6 2. c4 e6 3. Nc3 Bb4 4. Qc2 c5 5. a3 Bxc3+ 6. bxc3 d6 7. Nf3 Qe7 8. e4
e5 9. dxe5 dxe5 10. Bg5 h6 11. Bxf6 Qxf6 12. Be2 O-O 13. Nd2 b6 14. Nf1 Bb7 15.
Ne3 Qg6 16. Bf3 Nd7 17. O-O Qe6 18. Rfd1 Nf6 19. Rd2 Rfd8 20. Rad1 Rxd2 21.
Rxd2 g6 22. Nd5 Bxd5 23. cxd5 Qd6 24. Qa4 Qd7 25. Qa6 Ne8 26. Qd3 Nd6 27. c4
Qa4 28. Rc2 Kg7 29. Bd1 Qa5 30. Re2 Qa6 31. Rc2 Qa5 32. Qe3 Re8 33. g3 h5 34.
Kg2 f6 35. Be2 Re7 36. Rc1 Qa4 37. h3 Re8 38. g4 hxg4 39. hxg4 g5 40. Rh1 Rh8
41. Rxh8 Kxh8  1/2-1/2

[Event "MSC 100"]
[Site "Den Helder Holland"]
[Date "2002.10.26"]
[Round "3"]
[White "van Egmond, Enrico"]
[Black "Perez Garcia, Hebert"]
[Result "1/2-1/2"]
[WhiteElo "2123"]
[BlackElo "2192"]
[Annotator "Seijbel,D.M."]
[PlyCount "58"]
[EventDate "2002.??.??"]

1. d4 f5 2. g3 Nf6 3. Bg2 e6 4. Nh3 Be7 5. Nd2 d6 6. O-O Nc6 7. Nf3 O-O 8. c4
e5 9. d5 Nb8 10. Ne1 a5 11. f4 Na6 12. Nf3 Ng4 13. Nf2 Nxf2 14. Kxf2 Bf6 15. e3
Nc5 16. Kg1 Bd7 17. Rb1 Kh8 18. Bd2 e4 19. Ne1 b5 20. b3 b4 21. Rf2 Qe7 22. Bf1
g6 23. Bc1 h5 24. h4 Kg8 25. Bb2 Bxb2 26. Rfxb2 Qf6 27. Nc2 Kf7 28. Qd4 Rfb8
29. Qxf6+ Kxf6  1/2-1/2

[Event "MSC 100"]
[Site "Den Helder Holland"]
[Date "2002.10.27"]
[Round "4"]
[White "Adriaanse, Thom"]
[Black "Hristodorescu, Daniel"]
[Result "0-1"]
[WhiteElo "1895"]
[BlackElo "2267"]
[Annotator "Seijbel,D.M."]
[PlyCount "72"]
[EventDate "2002.??.??"]

1. e4 c6 2. d4 d5 3. Nd2 g6 4. e5 h5 5. f4 Bg4 6. Ndf3 e6 7. h3 Bxf3 8. Nxf3 h4
9. c3 Nh6 10. Bd3 Nf5 11. Bxf5 gxf5 12. Be3 Qb6 13. Qd2 Nd7 14. O-O Be7 15. Kh2
O-O-O 16. b4 Rdg8 17. a4 Qd8 18. a5 Qf8 19. Rab1 a6 20. Rfc1 Rg6 21. Rc2 Rhg8
22. Qe1 Qh6 23. Qf1 Rg3 24. Rbb2 Qg7 25. Kh1 Kd8 26. c4 dxc4 27. Rxc4 Ke8 28.
Rcc2 f6 29. Re2 Kf7 30. Red2 Qf8 31. Rdc2 Qh6 32. d5 fxe5 33. dxe6+ Qxe6 34.
Nxe5+ Nxe5 35. fxe5 Rxe3 36. Rf2 Rxe5  0-1

[Event "MSC 100"]
[Site "Den Helder Holland"]
[Date "2002.10.27"]
[Round "4"]
[White "Bagaturov, Giorgi"]
[Black "Kasparov, Sergey"]
[Result "1/2-1/2"]
[WhiteElo "2429"]
[BlackElo "2439"]
[Annotator "Seijbel,D.M."]
[PlyCount "75"]
[EventDate "2002.??.??"]

1. d4 Nf6 2. c4 c5 3. d5 b5 4. cxb5 a6 5. bxa6 g6 6. g3 d6 7. Bg2 Bg7 8. Nh3
Bxa6 9. Nf4 Qb6 10. h4 Nbd7 11. Qc2 Rb8 12. h5 Ng4 13. Nc3 c4 14. O-O O-O 15.
hxg6 hxg6 16. Nd1 Nde5 17. Bd2 Nh6 18. Be4 Bc8 19. Bc3 Nf5 20. e3 Qb7 21. Kg2
Nh6 22. Rh1 Nhg4 23. Kg1 Bd7 24. Ne2 Nf6 25. Bxe5 dxe5 26. Bg2 Rfc8 27. Nec3
Qb6 28. Rh4 Bf5 29. Qd2 Ne8 30. Be4 Bd7 31. Bf3 Nd6 32. Rc1 Bf6 33. Rh1 Bg5 34.
Ne4 Nxe4 35. Bxe4 Kg7 36. Qe2 Qb4 37. a3 Qb3 38. Rc3  1/2-1/2

[Event "MSC 100"]
[Site "Den Helder Holland"]
[Date "2002.10.27"]
[Round "4"]
[White "Glek, Igor"]
[Black "Ikonnikov, Vyacheslav"]
[Result "0-1"]
[WhiteElo "2576"]
[BlackElo "2549"]
[Annotator "Seijbel,D.M."]
[PlyCount "74"]
[EventDate "2002.??.??"]

1. e4 c5 2. Nf3 Nc6 3. Bb5 g6 4. O-O Bg7 5. c3 Nf6 6. Re1 O-O 7. e5 Nd5 8. d4
cxd4 9. cxd4 d6 10. Nc3 Nxc3 11. bxc3 a6 12. Bxc6 bxc6 13. exd6 exd6 14. Bg5
Qc7 15. Re7 Qa5 16. Re3 Bg4 17. Be7 Rfe8 18. h3 Bh6 19. hxg4 Bxe3 20. Bxd6 Bh6
21. c4 Rad8 22. c5 Bf8 23. Bxf8 Kxf8 24. Qc1 Qc7 25. g3 Kg7 26. Kg2 Re7 27. g5
Kg8 28. Qa3 a5 29. Rb1 Re2 30. Rb6 Qd7 31. Qxa5 Rde8 32. Qa6 Qf5 33. Rxc6 Qc2
34. Rf6 Rxf2+ 35. Kh3 Qd1 36. Qb7 Qh1+ 37. Kg4 h5+  0-1